| 000 | 00714nam a2200193 i 4500 | ||
|---|---|---|---|
| 001 | 85177 | ||
| 003 | ES-MaACL | ||
| 005 | 20231227062536.0 | ||
| 007 | t| | ||
| 008 | 041126s1936 sp ||||1| spa d | ||
| 100 | 1 |
_aJiménez, Juan Ramón, _d1881-1958 _966417 |
|
| 245 | 1 | 0 |
_aPolítica poética _b: conferencias / _cJuan Ramón Jiménez. |
| 260 |
_aMadrid : _b[s.n., _c1936] ( _fS. Aguirre) |
||
| 300 |
_a36 p. ; _c24 cm. |
||
| 500 | _aPrecede al tit.: Ministerio de Instituciones Públicas y Bellas Artes, Instituto del Libro Español. | ||
| 710 | 1 |
_aEspaña. _bMinisterio de Instrucción Pública y Bellas Artes. _bInstituto del Libro Español. _93893 |
|
| 852 |
_aES-MaACL _j1810-F-13 |
||
| 999 |
_c85177 _d85177 |
||